000 01301naa a22003257a 4500
001 BR8106659
003 BR-BrBNA
005 20240918175016.0
007 ta
008 230509b bl.||||| |||| 00| 0 por d
040 _aBR-BrBNA
_bpor
_cBiblioteca Nacional de Agricultura
041 _a(Pt)
072 _aH10
_b0170
_b4120
_bG514
090 _aH10 BR8106659
100 1 _aSantos, J.H.R. dos
100 1 _aAlves, A.M.A.
100 1 _aCarmo, C.M. do
245 1 _aFlutuacao de populacoes e Diapausa da mosca do sorgo, Contarinia sorghicola (Cog., 1898)(Dip. Cecidomyiidae)e dos seus parasitos, nas condicoes do Vale do Curu, no Estado do Ceara. Resultados previos [Brasil]
260 3 _aFortaleza, CE (Brasil):
_c1981.
500 _aConvenio BNB/FCPC/UFC. Programa de pesquisa com a cultura do sorgo. Relatorio de pesquisa 1980 Fortaleza, CE (Brasil): 1981. p. 65-69 (BR8106659-AM)H10
650 _aSORGO
650 _aFLUTUACAO POPULACIONAL
650 _aPRAGA DE PLANTA
650 _aPARASITO DE PLANTA
650 _aPENTECOSTE
650 _aCEARA
773 0 _tConvenio BNB/FCPC/UFC. Programa de pesquisa com a cultura do sorgo. Relatorio de pesquisa 1980
_wH10 BR8106659
_gFortaleza, CE (Brasil), 1981. p. 65-69
909 _a202404
_bLucia
_c55
_dLucia Elande
942 _cAM
_2AGRIS
999 _c314562
_d314562